Geography Quiz

Random Geography or State Quiz

One Representative States Quiz Stats

 Plays Quiz Updated Mar 15, 2018

Score 0/7 Timer 01:00
2 Plays Today
% Correct
Montana
81.4%
Alaska
80.7%
Wyoming
80%
North Dakota
78.9%
South Dakota
77.5%
Vermont
58.5%
Delaware
55%

You're not logged in!

Compare scores with friends on all Sporcle quizzes.
OR
Log In

Sporcle TV

Today on Sporcle TV


Watch our educational content, quiz creation guides, and fun videos on Sporcle TV.

Show Comments

Extras

Top Quizzes Today


Score Distribution

Your Account Isn't Verified!

In order to create a playlist on Sporcle, you need to verify the email address you used during registration. Go to your Sporcle Settings to finish the process.

Report this User

Report this user for behavior that violates our Community Guidelines.

Details: